| 000 | 01035nam a22002657a 4500 | ||
|---|---|---|---|
| 005 | 20150929102517.0 | ||
| 008 | 110909s2009 ck ao gr 000 0 spa d | ||
| 020 | _a9789588343365 | ||
| 040 |
_aCO-BoIAVH _cCO-BoIAVH |
||
| 041 | 0 | _aspa | |
| 044 | _ack | ||
| 082 | 0 | 4 |
_a574.526 _bV722c |
| 245 | 1 | 0 |
_aCaracterización de la biodiversidad de la selva de Matavén / _cHéctor Villarreal-Leal ... [et al.] ; compilación y selección de textos Marcela Santamaría. |
| 260 |
_aBogotá : _bInstituto de Investigación de Recursos Biológicos Alexander von Humbolt, _c2009. |
||
| 300 |
_a186 p. : _bil., fot. ; _c28 cm. _e1 DVD. |
||
| 490 | 0 | _aColombia, diversa por naturaleza | |
| 504 | _aIncluye bibliografía. | ||
| 650 | 4 |
_aSelva _z Vichada (Colombia) |
|
| 650 | 4 |
_aDiversidad biológica _z Vichada (Colombia) |
|
| 650 | 4 | _aConservación de la diversidad biológica. | |
| 700 | 1 | _aVillareal Leal, Héctor. | |
| 700 | 1 |
_aSantamaría G., Marcela., _ecomp. |
|
| 942 |
_2ddc _cLIBRO |
||
| 949 | _a | ||
| 999 |
_c7352 _d7352 |
||